000 00659nam a22002177a 4500
003 UA-OsUOA
001 68123
007 ta
008 20100407b un ||||| |||| 00| 0 ukr d
100 _aБаган М.П.
090 _a81
_bБ14
942 _cSA
040 _aUA-OsUOA
_bukr
_cUA-OsUOA
_dUA-OsUOA
245 _aСпецифіка фразеологічної реалізації заперечення в українській мові
300 _aС.68-76
955 _a0
041 _aukr
080 _a81
773 0 _w68122
650 7 _a8 Мовознавство. Художня література. Літературознавство
_2UDC
999 _c354261
_d354261